00556nam a2200181Ia 4500008004100000020001800041041000800059082001700067100002100084245008500105250001200190260003400202300002800236365001600264700002100280906005400301999001900355230714s9999 xx 000 0 und d a9790000000000 aeng a345.064bCAS aCasey E.9196629 aDigital Evidence And Computer CrimebForensic Science, Computer And The Internet a3rd ed. c2014bAcademic Press/Elsevier a807dRef 1544 C (48698) cRs.b625.00 aCasey E.9196629 dO:0408218-Aug-2014B:105013-Aug-2014cCOMPb2812.5 c213487d213487